| 000 | 01362pam a2200373 a 4500 | ||
|---|---|---|---|
| 001 | 2522933 | ||
| 003 | MUT | ||
| 005 | 20240606081417.0 | ||
| 008 | 930308s1993 paua b 001 0 eng c | ||
| 010 | _a 93015131 | ||
| 020 | _a0721635067 | ||
| 040 |
_aDNLM/DLC _cMUT _dDLC |
||
| 050 | 0 | 0 |
_aRT 41 _b.L87 1993 |
| 060 | _aWY 150 L9412 1993 | ||
| 082 | 0 | 0 |
_a610.73 _220 |
| 245 | 0 | 0 |
_aLuckmann and Sorensen's medical-surgical nursing : _ba psychophysiologic approach. |
| 250 |
_a4th ed. / _b[edited by] Joyce M. Black, Esther Matassarin-Jacobs. |
||
| 260 |
_aPhiladelphia : _bW.B. Saunders Co., _cc1993. |
||
| 300 |
_alxii, 2269, 98 p. : _bill. ; _c29 cm. |
||
| 500 | _aRev. ed. of: Medical-surgical nursing / Joan Luckmann, Karen Creason Sorensen. 3rd ed. 1987. | ||
| 504 | _aIncludes bibliographical references and index. | ||
| 650 | 0 | _aNursing. | |
| 650 | 0 | _aSurgical nursing. | |
| 650 | 0 | _aPsychophysiology. | |
| 650 | 2 | _aNursing Care. | |
| 650 | 2 | _aSurgical Nursing. | |
| 700 | 1 | _aBlack, Joyce M. | |
| 700 | 2 | _aMatassarin-Jacobs, Esther. | |
| 700 | 1 |
_aLuckmann, Joan. _tMedical-surgical nursing. |
|
| 740 | 0 | _aMedical-surgical nursing. | |
| 906 |
_a7 _bcbc _corignew _d1 _eocip _f19 _gy-gencatlg |
||
| 942 |
_2lcc _cBK |
||
| 999 |
_c17462 _d17462 |
||